Départements français sans les lettres de "Ain" - Statistiques

Statistiques générales
  • Ce quiz a été pris 98 fois
  • Le résultat moyen est 12 sur 18
Statistiques - réponses
Réponse % Correct
Eure
81%
Doubs
78%
Cher
77%
Meuse
77%
Lot
76%
Moselle
76%
Corse-du-Sud
74%
Corrèze
73%
Creuse
72%
Drôme
72%
Meurthe-et-Moselle
72%
Gers
70%
Côte-d'Or
67%
Lozère
56%
Puy-de-Dôme
56%
Somme
53%
Vosges
50%
Deux-Sèvres
47%
Aucun quiz correspondant
Distribution des résultats
% des personnes avec chaque résultat
Percentile par nombre de réponses
Votre historique - résultats
Vous n’avez pas pris ce quiz